| 000 | 01528cam a22004097a 4500 | ||
|---|---|---|---|
| 003 | CHAP | ||
| 005 | 20240409124323.0 | ||
| 008 | 001122d2000 mx r 00110 esp d | ||
| 010 | _a82921 | ||
| 011 | _a83893 | ||
| 020 | _a9688846406 | ||
| 035 | _a94412 | ||
| 040 | _cCHAP | ||
| 082 | 0 | 4 |
_a632.7 _bR6 |
| 100 | 0 | 0 |
_aRomero Rosales, Felipe. _999662 |
| 245 | 1 | 0 |
_aResistencia vegetal a insectos y ácaros : _blos conceptos y las bases _c/por Felipe Romero Rosales y Clemente Villanueva Verduzco. |
| 260 |
_aMéxico, D.F. : _bUACH, _c2000. |
||
| 300 |
_a318 p. : _bcuads.; gráfs. |
||
| 590 |
_aBATCH-UPD _b10 _c20130110 _lUCH01 _h0852 |
||
| 590 |
_aBATCH-UPD _b10 _c20130410 _lUCH01 _h0524 |
||
| 590 |
_aBATCH-UPD _b10 _c20130914 _lUCH01 _h0026 |
||
| 590 |
_aCONVERSION _b10 _c20130109 _lUCH01 _h1346 |
||
| 650 | 1 | 4 | _aÁcaros. |
| 650 | 1 | 4 |
_aAgricultura _xPlagas. _91764 |
| 650 | 1 | 4 |
_aControl de plagas. _927595 |
| 650 | 1 | 4 |
_aInsectos _xParásitos y predatores. _958939 |
| 650 | 1 | 4 |
_aPlantas _xResistencia a plagas. _988885 |
| 700 | 1 |
_aVillanueva Verduzco, Clemente _9119524 |
|
| 901 | _aBK | ||
| 905 | _aEdna Luz | ||
| 942 | _cLIBRO | ||
| 949 |
_a632.7 R6 _bBC _cLIBRO _d33724000803417 _eLIBRO _h99043 _i94412 _si |
||
| 949 |
_a632.7 R6 _bBC _cLIBRO _d33724000803482 _eLIBRO _fc.2 _h99044 _i94412 _si |
||
| 949 |
_a632.7 R6 _bBC _cLIBRO _d33724000813325 _eLIBRO _fc.4 _h99159 _i94412 _si |
||
| 949 |
_a632.7 R6 _bBC _cLIBRO _d33724000813382 _eLIBRO _fc.3 _h99158 _i94412 _si |
||
| 949 |
_a632.7 R6 _bBC _cUACH _d33724000813440 _eUACH _fc.5 _h99160 _i94412 _sb |
||
| 999 |
_c82921 _d82921 |
||